Top 50 Albums from 1966 - Statistics

General Stats
  • This quiz has been taken 6 times
  • The average score is 10 of 50
Answer Stats
Artist Album % Correct
#1: The Beach Boys Pet Sounds
100%
#2: The Beatles Revolver
83%
#12: The Rolling Stones Aftermath
67%
#3: Bob Dylan Blonde on Blonde
67%
#7: The Mothers of Invention Freak Out!
67%
#17: Simon and Garfunkel Parsley, Sage, Rosemary and Thyme
67%
#19: Simon and Garfunkel The Sounds of Silence
67%
#24: The Byrds Fifth Dimension
50%
#46: Donovan Sunshine Superman
50%
#32: The 13th Floor Elevators The Psychedelic Sounds of the 13th Floor Elevators
50%
#5: John Coltrane Ascension
33%
#27: John Mayall with Eric Clapton Blues Breakers
33%
#18: The Kinks Face to Face
33%
#21: Monks Black Monk Time
17%
#16: Otis Redding Complete & Unbelievable: The Otis Redding Dictionary of Soul
17%
#36: Love Da Capo
17%
#22: The Butterfield Blues Band East-West
17%
#23: John Lee Hooker It Serve You Right to Suffer
17%
#9: Herbie Hancock Maiden Voyage
17%
#10: John Coltrane Meditations
17%
#35: Wilson Pickett The Exciting Wilson Pickett
17%
#40: Otis Redding The Soul Album
17%
#15: Nina Simone Wild is the Wind
17%
#29: The Beatles "Yesterday" ...and Today
17%
#6: Komeda Quintet Astigmatic
0%
#43: Berlin Philharmonic Orchestra / Herbert von Karajan Bolero / Pictures at an Exhibition
0%
#13: Jacques Brel Ces Gens-Là
0%
#50: Don Cherry Complete Communion
0%
#48: Vienna Philharmonic / Solti / Nilsson / Hotter / Crespin / King / Ludwig Die Walküre
0%
#4: Ennio Morricone Il buono, il Brutto, il Cattivo
0%
#26: Art Blakey & the Jazz Messengers Indestructible
0%
#39: Big Mama Thornton In Europe
0%
#33: Joe Henderson Inner Urge
0%
#44: Violeta Parra Las Últimas Composiciones de Violeta Parra
0%
#28: Joe Henderson Mode for Joe
0%
#11: Baden Powell & Vinicius de Moraes Os Afro-Sambas de Baden e Vinícius
0%
#20: Ennio Morricone Per un Pugno di Dollari
0%
#42: Jackie McLean Right Now!
0%
#14: Lee Morgan Search for the New Land
0%
#49: Doc Watson Southbound
0%
#8: Wayne Shorter Speak No Evil
0%
#45: Cleveland Orchestra / George Szell / Judith Raskin Symphony No. 4 in G
0%
#41: Wayne Shorter The All Seeing Eye
0%
#34: The Horace Silver Quintet Plus J. J. Johnson The Cape Verdean Blues
0%
#30: Mississippi John Hurt Today!
0%
#38: Skip James Today!
0%
#47: Baden Powell Tristeza on Guitar
0%
#37: Cecil Taylor Unit Structures
0%
#31: Larry Young Unity
0%
#25: Orchestre Symphonique de la Radio de Berlin / George Szell / Elisabeth Schwarzkopf Vier letzte Lieder; Muttertändelei; Waldseligkeit; Zueignung; Freundliche Vision; Die heiligen drei Könige
0%
No matching quizzes found
Score Distribution
Percent of People with Each Score
Percentile by Number Answered
Your Score History
You have not taken this quiz